<?xml version="1.0" encoding="UTF-8"?>
<record
    xmlns:xsi="http://www.w3.org/2001/XMLSchema-instance"
    xsi:schemaLocation="http://www.loc.gov/MARC21/slim http://www.loc.gov/standards/marcxml/schema/MARC21slim.xsd"
    xmlns="http://www.loc.gov/MARC21/slim">

  <leader>02218nam a2200337 a 4500</leader>
  <controlfield tag="005">2010092700210.0</controlfield>
  <datafield tag="010" ind1=" " ind2=" ">
    <subfield code="a">B-409393-400</subfield>
  </datafield>
  <datafield tag="020" ind1=" " ind2=" ">
    <subfield code="c">375.00</subfield>
    <subfield code="a">9780415390880</subfield>
  </datafield>
  <datafield tag="020" ind1=" " ind2=" ">
    <subfield code="c">375.00</subfield>
    <subfield code="a">0415390885</subfield>
  </datafield>
  <datafield tag="035" ind1=" " ind2=" ">
    <subfield code="a">B-409393-400</subfield>
  </datafield>
  <datafield tag="037" ind1=" " ind2=" ">
    <subfield code="b">Viva Books </subfield>
  </datafield>
  <datafield tag="082" ind1=" " ind2=" ">
    <subfield code="a">579</subfield>
  </datafield>
  <datafield tag="245" ind1=" " ind2=" ">
    <subfield code="a">Microbiology /</subfield>
    <subfield code="c">by S. Baker...[et al]</subfield>
  </datafield>
  <datafield tag="250" ind1=" " ind2=" ">
    <subfield code="a">3rd ed. </subfield>
  </datafield>
  <datafield tag="260" ind1=" " ind2=" ">
    <subfield code="a">New York </subfield>
    <subfield code="b">Taylor &amp; Francis Group</subfield>
    <subfield code="c">2010(repr.). </subfield>
  </datafield>
  <datafield tag="270" ind1=" " ind2=" ">
    <subfield code="a">270 Madison Avenue, </subfield>
    <subfield code="b">New York</subfield>
  </datafield>
  <datafield tag="300" ind1=" " ind2=" ">
    <subfield code="a">viii, 427p.</subfield>
    <subfield code="c">25cm(pbk) </subfield>
    <subfield code="b">ill. </subfield>
  </datafield>
  <datafield tag="490" ind1=" " ind2=" ">
    <subfield code="a">BIOS Instant notes; edited by B.D. Hames </subfield>
    <subfield code="9">21999</subfield>
  </datafield>
  <datafield tag="500" ind1=" " ind2=" ">
    <subfield code="a">Includes bibliogarphical references, glossary and index </subfield>
  </datafield>
  <datafield tag="700" ind1=" " ind2=" ">
    <subfield code="a">Baker, S.</subfield>
    <subfield code="9">22000</subfield>
  </datafield>
  <datafield tag="942" ind1=" " ind2=" ">
    <subfield code="2">ddc</subfield>
    <subfield code="c">EN</subfield>
    <subfield code="m">MIC</subfield>
    <subfield code="h">579</subfield>
  </datafield>
  <datafield tag="999" ind1=" " ind2=" ">
    <subfield code="c">35963</subfield>
    <subfield code="d">35963</subfield>
  </datafield>
  <datafield tag="952" ind1=" " ind2=" ">
    <subfield code="0">0</subfield>
    <subfield code="1">0</subfield>
    <subfield code="4">0</subfield>
    <subfield code="7">0</subfield>
    <subfield code="8">NFIC</subfield>
    <subfield code="a">L</subfield>
    <subfield code="b">L</subfield>
    <subfield code="d">2010-09-27</subfield>
    <subfield code="e">Viva Books/2592/9.7.10/69/1.7.10/13.7.10</subfield>
    <subfield code="g">375.00</subfield>
    <subfield code="l">10</subfield>
    <subfield code="m">5</subfield>
    <subfield code="o">579 MIC</subfield>
    <subfield code="p">B-409393</subfield>
    <subfield code="r">2022-08-20 00:00:00</subfield>
    <subfield code="s">2022-08-13</subfield>
    <subfield code="t">1</subfield>
    <subfield code="v">375.00</subfield>
    <subfield code="w">2010-09-27</subfield>
    <subfield code="y">EN</subfield>
  </datafield>
  <datafield tag="952" ind1=" " ind2=" ">
    <subfield code="0">0</subfield>
    <subfield code="1">0</subfield>
    <subfield code="4">0</subfield>
    <subfield code="7">0</subfield>
    <subfield code="8">NFIC</subfield>
    <subfield code="a">BL1</subfield>
    <subfield code="b">BL1</subfield>
    <subfield code="d">2010-09-27</subfield>
    <subfield code="e">Viva Books/2592/9.7.10/69/1.7.10/13.7.10</subfield>
    <subfield code="g">375.00</subfield>
    <subfield code="l">1</subfield>
    <subfield code="m">1</subfield>
    <subfield code="o">579 MIC</subfield>
    <subfield code="p">B-409394</subfield>
    <subfield code="r">2018-11-29 00:00:00</subfield>
    <subfield code="s">2018-11-05</subfield>
    <subfield code="t">1</subfield>
    <subfield code="v">375.00</subfield>
    <subfield code="w">2010-09-27</subfield>
    <subfield code="y">EN</subfield>
  </datafield>
  <datafield tag="952" ind1=" " ind2=" ">
    <subfield code="0">0</subfield>
    <subfield code="1">0</subfield>
    <subfield code="4">0</subfield>
    <subfield code="7">0</subfield>
    <subfield code="8">NFIC</subfield>
    <subfield code="a">JP</subfield>
    <subfield code="b">JP</subfield>
    <subfield code="d">2010-09-27</subfield>
    <subfield code="e">Viva Books/2592/9.7.10/69/1.7.10/13.7.10</subfield>
    <subfield code="g">375.00</subfield>
    <subfield code="l">26</subfield>
    <subfield code="m">3</subfield>
    <subfield code="o">579 MIC</subfield>
    <subfield code="p">B-409395</subfield>
    <subfield code="r">2023-02-15 00:00:00</subfield>
    <subfield code="s">2023-01-25</subfield>
    <subfield code="t">2</subfield>
    <subfield code="v">375.00</subfield>
    <subfield code="w">2010-09-27</subfield>
    <subfield code="y">EN</subfield>
  </datafield>
  <datafield tag="952" ind1=" " ind2=" ">
    <subfield code="0">0</subfield>
    <subfield code="1">0</subfield>
    <subfield code="4">0</subfield>
    <subfield code="7">0</subfield>
    <subfield code="8">NFIC</subfield>
    <subfield code="a">JP</subfield>
    <subfield code="b">JP</subfield>
    <subfield code="d">2010-09-27</subfield>
    <subfield code="e">Viva Books/2592/9.7.10/69/1.7.10/13.7.10</subfield>
    <subfield code="g">375.00</subfield>
    <subfield code="l">20</subfield>
    <subfield code="m">2</subfield>
    <subfield code="o">579 MIC</subfield>
    <subfield code="p">B-409396</subfield>
    <subfield code="r">2019-11-30 00:00:00</subfield>
    <subfield code="s">2019-11-22</subfield>
    <subfield code="t">2</subfield>
    <subfield code="v">375.00</subfield>
    <subfield code="w">2010-09-27</subfield>
    <subfield code="y">EN</subfield>
  </datafield>
  <datafield tag="952" ind1=" " ind2=" ">
    <subfield code="0">0</subfield>
    <subfield code="1">0</subfield>
    <subfield code="4">0</subfield>
    <subfield code="7">0</subfield>
    <subfield code="8">NFIC</subfield>
    <subfield code="a">ZLS</subfield>
    <subfield code="b">ZLS</subfield>
    <subfield code="d">2010-09-27</subfield>
    <subfield code="e">Viva Books/2592/9.7.10/69/1.7.10/13.7.10</subfield>
    <subfield code="g">375.00</subfield>
    <subfield code="l">6</subfield>
    <subfield code="m">2</subfield>
    <subfield code="o">579 MIC</subfield>
    <subfield code="p">B-409397</subfield>
    <subfield code="r">2023-10-14 00:00:00</subfield>
    <subfield code="s">2023-09-30</subfield>
    <subfield code="t">1</subfield>
    <subfield code="v">375.00</subfield>
    <subfield code="w">2010-09-27</subfield>
    <subfield code="y">EN</subfield>
  </datafield>
  <datafield tag="952" ind1=" " ind2=" ">
    <subfield code="0">0</subfield>
    <subfield code="1">0</subfield>
    <subfield code="4">0</subfield>
    <subfield code="7">0</subfield>
    <subfield code="8">NFIC</subfield>
    <subfield code="a">VP</subfield>
    <subfield code="b">DBAD</subfield>
    <subfield code="d">2010-09-27</subfield>
    <subfield code="e">Viva Books/2592/9.7.10/69/1.7.10/13.7.10</subfield>
    <subfield code="g">375.00</subfield>
    <subfield code="l">2</subfield>
    <subfield code="o">579 MIC</subfield>
    <subfield code="p">B-409398</subfield>
    <subfield code="q">2012-01-02</subfield>
    <subfield code="r">2011-12-19 00:00:00</subfield>
    <subfield code="s">2011-12-19</subfield>
    <subfield code="t">1</subfield>
    <subfield code="v">375.00</subfield>
    <subfield code="w">2010-09-27</subfield>
    <subfield code="y">EN</subfield>
  </datafield>
  <datafield tag="952" ind1=" " ind2=" ">
    <subfield code="0">0</subfield>
    <subfield code="1">0</subfield>
    <subfield code="4">0</subfield>
    <subfield code="7">0</subfield>
    <subfield code="8">NFIC</subfield>
    <subfield code="a">BN</subfield>
    <subfield code="b">BN</subfield>
    <subfield code="d">2010-09-27</subfield>
    <subfield code="e">Viva Books/2592/9.7.10/69/1.7.10/13.7.10</subfield>
    <subfield code="g">375.00</subfield>
    <subfield code="l">6</subfield>
    <subfield code="m">3</subfield>
    <subfield code="o">579 MIC</subfield>
    <subfield code="p">B-409399</subfield>
    <subfield code="r">2021-10-05 00:00:00</subfield>
    <subfield code="s">2021-09-15</subfield>
    <subfield code="t">1</subfield>
    <subfield code="v">375.00</subfield>
    <subfield code="y">EN</subfield>
  </datafield>
  <datafield tag="952" ind1=" " ind2=" ">
    <subfield code="0">0</subfield>
    <subfield code="1">0</subfield>
    <subfield code="4">0</subfield>
    <subfield code="7">0</subfield>
    <subfield code="8">NFIC</subfield>
    <subfield code="a">BL4</subfield>
    <subfield code="b">BL4</subfield>
    <subfield code="d">2010-09-27</subfield>
    <subfield code="e">Viva Books/2592/9.7.10/69/1.7.10/13.7.10</subfield>
    <subfield code="g">375.00</subfield>
    <subfield code="l">0</subfield>
    <subfield code="o">579 MIC</subfield>
    <subfield code="p">B-409400</subfield>
    <subfield code="r">2010-09-27 00:00:00</subfield>
    <subfield code="t">1</subfield>
    <subfield code="v">375.00</subfield>
    <subfield code="w">2010-09-27</subfield>
    <subfield code="y">EN</subfield>
  </datafield>
</record>
